000 01319cam a2200337 a 4500
001 725031
003 ARRUPE
005 20161103110730.0
008 980127s1998 nyu b 100 0 eng
010 _a 98011888
020 _a082451744X (pbk.)
040 _aDLC
_cDLC
_dDLC
050 0 0 _aBX1805
_b.E84 1998
082 0 0 _a262/.13
_221
245 0 4 _aThe exercise of the primacy :
_bcontinuing the dialogue /
_cessays by John R. Quinn ... [et al.] ; edited by Phyllis Zagano and Terrence W. Tilley.
260 _aNew York :
_bCrossroad Pub. Co.,
_c1998.
300 _axvi, 126 p. ;
_c21 cm.
500 _aAt head of title: Ut unum sint : studies on papal primacy.
500 _a"A Crossroad Herder book."
500 _a"A paperback original."
504 _aIncludes bibliographical references.
610 2 0 _aCatholic Church
_xGovernment
_vCongresses.
_927246
650 0 _aPopes
_xPrimacy
_vCongresses.
_927247
650 0 _aEpiscopacy
_vCongresses.
_927248
700 1 _aQuinn, John R.
_q(John Raphael),
_d1929-
_96885
700 1 _aZagano, Phyllis.
_927249
700 1 _aTilley, Terrence W.
_912540
906 _a7
_bcbc
_corignew
_d1
_eocip
_f19
_gy-gencatlg
942 _2lcc
_cMONOGRAPH
999 _c125660
_d125660